Normal view
MARC view
- Pullman, Philip, 1946- -- Criticism and interpretation
Entry Topical Term
001 - CONTROL NUMBER
- control field: 42242
003 - CONTROL NUMBER IDENTIFIER
- control field: OSt
005 - DATE AND TIME OF LATEST TRANSACTION
- control field: 20200713114429.0
008 - FIXED-LENGTH DATA ELEMENTS
- fixed length control field: 200713|| aca||aabn | a|a d
040 ## - CATALOGING SOURCE
- Original cataloging agency: OSt
- Transcribing agency: OSt
150 ## - HEADING--TOPICAL TERM
- Topical term or geographic name entry element: Pullman, Philip, 1946- -- Criticism and interpretation
670 ## - SOURCE DATA FOUND
- Source citation: Work cat.: (OSt): Tucker, Nicholas 42239, Darkness visible : , 2017
